Die sieben Kristallsysteme - Statistiken

Allgemein
  • Dieses Quiz wurde 61 mal gespielt
  • Das Durchschnittsergebnis liegt bei 4 aus 7
Antwortstatistiken
Hint Antwort % Korrekt
a = b = c; α = β = γ = 90° kubisch
79%
a ≠ b ≠ c; α = y = 90° ≠ β monoklin
68%
a ≠ b ≠ c; α ≠ β ≠ γ triklin
68%
a = b ≠ c; α = β = 90°, γ = 120° hexagonal
63%
a = b = c; α = β = γ ≠ 90° rhomboedrisch
42%
a = b ≠ c; α = β = γ = 90° tetragonal
42%
a ≠ b ≠ c; α = β = γ = 90° orthorhombisch
37%
Keine übereinstimmenden Quizze gefunden
Verteilung der Resultate
Anzahl Personen mit jedem Resultat
Perzentil nach korrekt beantworteten Fragen
Ihre Resultats-Entwicklung
Sie haben dieses Quiz noch nicht gespielt